[Event "FIDE World Rapid Team"]
[Site "Almaty KAZ"]
[Date "2024.08.03"]
[Round "7.16"]
[White "Wong, Zhenyong Jayden"]
[Black "Gumularz, Szymon"]
[Result "1/2-1/2"]
[WhiteTitle "FM"]
[BlackTitle "GM"]
[WhiteElo "2397"]
[BlackElo "2571"]
[WhiteTeam "Theme International Trading"]
[BlackTeam "Q4Rail Kingsofchess Krakow"]
[WhiteFideId "5821975"]
[BlackFideId "1188062"]
[EventDate "2024.08.02"]

1. d4 Nf6 2. c4 e6 3. g3 Bb4+ 4. Nd2 O-O 5. Bg2 d5 6. Nf3 a5 7. O-O a4 8. a3 Be7
9. Qc2 Nc6 10. Rd1 Bd7 11. e4 h6 12. e5 Nh7 13. b4 axb3 14. Nxb3 dxc4 15. Qxc4
Na5 16. Nxa5 Rxa5 17. h4 Bc6 18. Ne1 Ra4 19. Qc3 Bxg2 20. Nxg2 Qd7 21. Bb2 c6
22. Ne3 Rd8 23. Nc4 Qc7 24. Qb3 b5 25. Nd2 Rda8 26. Ne4 Nf8 27. Nc3 R4a6 28.
Rdc1 Qa7 29. Ne4 Nd7 30. Rc2 Qb7 31. Qf3 b4 32. Qb3 Nb6 33. Nc5 Bxc5 34. Rxc5
Nd5 35. Rac1 Rb6 36. a4 Rba6 37. Ra1 Ra5 38. Rac1 Rxc5 39. Rxc5 Qa6 40. a5 Qe2
41. Kg2 h5 42. Kg1 Qe1+ 43. Kg2 Qb1 44. Kh2 Nc3 45. Qxb4 Ne2 46. Kg2 Qg1+ 47.
Kf3 Qd1 48. Kg2 Qg1+ 49. Kf3 Qd1 50. Kg2 Qg1+ 51. Kf3 Qd1 52. Ke3 Ng1 1/2-1/2

[Event "FIDE World Rapid Team"]
[Site "Almaty KAZ"]
[Date "2024.08.03"]
[Round "7.17"]
[White "Kulon, Klaudia"]
[Black "Gong, Qianyun"]
[Result "1-0"]
[WhiteTitle "IM"]
[BlackTitle "WGM"]
[WhiteElo "2415"]
[BlackElo "2250"]
[WhiteTeam "Q4Rail Kingsofchess Krakow"]
[BlackTeam "Theme International Trading"]
[WhiteFideId "1131044"]
[BlackFideId "8602425"]
[EventDate "2024.08.02"]

1. c4 c6 2. Nf3 Nf6 3. b3 d5 4. Bb2 Bf5 5. e3 e6 6. Be2 Nbd7 7. Nh4 Bg6 8. O-O
Ne4 9. g3 Nd6 10. d3 Qc7 11. cxd5 exd5 12. f4 f6 13. Bh5 Bf7 14. e4 dxe4 15.
dxe4 O-O-O 16. e5 Bxh5 17. Qxh5 Nb5 18. Kh1 c5 19. Nd2 Kb8 20. Ndf3 Qc6 21. Rad1
Nd4 22. Ng2 g6 23. Nxd4 cxd4 24. Qh4 g5 25. Qh5 gxf4 26. Bxd4 Bc5 27. exf6 Bxd4
28. Rxd4 fxg3 29. f7 gxh2 30. Qf5 Qc7 31. Rfd1 Rhg8 32. fxg8=Q 1-0

[Event "FIDE World Rapid Team"]
[Site "Almaty KAZ"]
[Date "2024.08.03"]
[Round "7.19"]
[White "Isanzhulov, Arystan"]
[Black "Niemann, Hans Moke"]
[Result "1-0"]
[WhiteTitle "IM"]
[BlackTitle "GM"]
[WhiteElo "2401"]
[BlackElo "2711"]
[WhiteTeam "Teniz Kazakhstan"]
[BlackTeam "GMHans.com"]
[WhiteFideId "13711644"]
[BlackFideId "2093596"]
[EventDate "2024.08.02"]

1. e4 c5 2. Nf3 d6 3. Bb5+ Nd7 4. a4 Nf6 5. Nc3 g6 6. O-O Bg7 7. a5 a6 8. Be2 b5
9. axb6 Bb7 10. d3 O-O 11. Qd2 Nxb6 12. Qf4 e5 13. Qh4 Nfd7 14. Qxd8 Rfxd8 15.
Nd2 d5 16. Bf3 d4 17. Ncb1 a5 18. Na3 a4 19. Be2 Ba6 20. g3 Nb8 21. f4 Nc6 22.
Nf3 Re8 23. Rf2 Ra7 24. Bd2 Rae7 25. Bf1 Rb7 26. Bc1 exf4 27. gxf4 f5 28. e5 Nd5
29. Nc4 Bxc4 30. dxc4 Ne3 31. Rxa4 Bh6 32. Ne1 Nd1 33. Bg2 Rc8 34. Re2 Nxb2 35.
Ra6 d3 36. Rxc6 1-0

[Event "FIDE World Rapid Team"]
[Site "Almaty KAZ"]
[Date "2024.08.03"]
[Round "7.20"]
[White "Tabatabaei, M. Amin"]
[Black "Ismagambetov, Anuar"]
[Result "1-0"]
[WhiteTitle "GM"]
[BlackTitle "GM"]
[WhiteElo "2712"]
[BlackElo "2520"]
[WhiteTeam "GMHans.com"]
[BlackTeam "Teniz Kazakhstan"]
[WhiteFideId "12521213"]
[BlackFideId "13701525"]
[EventDate "2024.08.02"]

1. c4 Nf6 2. Nf3 g6 3. g3 b6 4. d4 Bb7 5. Nc3 Bg7 6. d5 O-O 7. Bg2 c6 8. O-O Na6
9. e4 cxd5 10. cxd5 e6 11. Nd4 exd5 12. exd5 Nc5 13. Re1 Re8 14. Rxe8+ Qxe8 15.
Ndb5 Qe7 16. Bf4 Nfe4 17. Qe2 Ba6 18. Nxe4 Bxb5 19. Qxb5 Nxe4 20. d6 Qe6 21. Re1
f5 22. f3 g5 23. fxe4 gxf4 24. e5 a6 25. Qd3 1-0

[Event "FIDE World Rapid Team"]
[Site "Almaty KAZ"]
[Date "2024.08.03"]
[Round "7.21"]
[White "Mamedov, Edgar"]
[Black "Dardha, Daniel"]
[Result "0-1"]
[WhiteTitle "FM"]
[BlackTitle "GM"]
[WhiteElo "2443"]
[BlackElo "2608"]
[WhiteTeam "Teniz Kazakhstan"]
[BlackTeam "GMHans.com"]
[WhiteFideId "13739980"]
[BlackFideId "240990"]
[EventDate "2024.08.02"]

1. d4 Nf6 2. c4 e6 3. Nf3 b6 4. g3 Bb7 5. Bg2 Be7 6. O-O O-O 7. Re1 h6 8. a3 Qc8
9. Nc3 Ne4 10. Qc2 Nxc3 11. Qxc3 c5 12. e4 cxd4 13. Nxd4 d6 14. Bf4 Nd7 15. Rad1
a6 16. b3 Nf6 17. Nc2 Rd8 18. Rd3 Qc7 19. e5 Bxg2 20. Kxg2 Qb7+ 21. Kg1 Ne4 22.
Qa1 dxe5 23. Rxd8+ Rxd8 24. Qxe5 Nc5 25. Qc7 Qxc7 26. Bxc7 Rd2 27. Nb4 b5 28.
Nc6 Bf8 29. cxb5 axb5 30. b4 Nd3 31. Rf1 Rc2 32. Ne5 Rxc7 33. Nxd3 Rc3 34. Rd1
Rxa3 35. Nc5 Ra8 36. Kg2 Rc8 37. Nd7 Be7 38. Ra1 Rd8 39. Ne5 Bxb4 40. Rb1 Rd5
41. Nc6 Bd6 42. Ra1 g5 43. Ra7 Kf8 44. Rb7 g4 45. h3 h5 46. hxg4 hxg4 47. Na7
Bc5 48. Nxb5 Rd2 49. Rc7 Bxf2 50. Rc4 Rb2 51. Nc3 Rc2 52. Rc8+ Kg7 0-1

[Event "FIDE World Rapid Team"]
[Site "Almaty KAZ"]
[Date "2024.08.03"]
[Round "7.22"]
[White "Hong, Andrew"]
[Black "Balabayeva, Xeniya"]
[Result "1-0"]
[WhiteTitle "GM"]
[BlackTitle "WIM"]
[WhiteElo "2572"]
[BlackElo "2335"]
[WhiteTeam "GMHans.com"]
[BlackTeam "Teniz Kazakhstan"]
[WhiteFideId "2099438"]
[BlackFideId "13719688"]
[EventDate "2024.08.02"]

1. e4 c6 2. Nf3 d5 3. d3 dxe4 4. dxe4 Qxd1+ 5. Kxd1 g6 6. Nbd2 Bg7 7. a4 Nf6 8.
Ne1 Ng4 9. Nd3 f5 10. h3 Nf6 11. e5 Ne4 12. b3 Nc3+ 13. Ke1 Nd7 14. f4 Nb6 15.
Bb2 Nbd5 16. g3 Kf7 17. Bg2 Be6 18. Nc5 Rab8 19. Nf3 h6 20. Nd4 Bc8 21. Kd2 Ne4+
22. Nxe4 fxe4 23. Bxe4 Rd8 24. Ke2 c5 25. Nf3 Be6 26. Nh4 g5 27. fxg5 hxg5 28.
Raf1+ Kg8 29. Nf5 Rd7 30. h4 g4 31. h5 c4 32. h6 Bf8 33. h7+ Kh8 34. Nh4 Bh6 35.
Ng6+ Kg7 36. Nf8 1-0

[Event "FIDE World Rapid Team"]
[Site "Almaty KAZ"]
[Date "2024.08.03"]
[Round "7.23"]
[White "Nurgaliyev, Sauat"]
[Black "Salimova, Nurgyul"]
[Result "1-0"]
[WhiteTitle "FM"]
[BlackTitle "IM"]
[WhiteElo "2380"]
[BlackElo "2412"]
[WhiteTeam "Teniz Kazakhstan"]
[BlackTeam "GMHans.com"]
[WhiteFideId "13726285"]
[BlackFideId "2915138"]
[EventDate "2024.08.02"]

1. e4 c6 2. Nf3 d5 3. Nc3 dxe4 4. Nxe4 Nf6 5. Qe2 Nxe4 6. Qxe4 Nd7 7. d4 Nf6 8.
Qd3 g6 9. Be2 Bg7 10. O-O O-O 11. Re1 Bf5 12. Qb3 Qc7 13. Bg5 a5 14. a4 Rad8 15.
Rad1 Be6 16. c4 Rfe8 17. Bh4 Qc8 18. Qb6 Qa8 19. Bg3 Nd7 20. Qb3 Qa7 21. h3 h6
22. Bd3 Nf8 23. Bc7 Rd7 24. Bb6 Qa8 25. Be4 Rd6 26. d5 cxd5 27. cxd5 Bd7 28. Bc5
Rf6 29. Bd4 Rf4 30. Qe3 g5 31. Bxg7 Kxg7 32. h4 Qa6 33. hxg5 hxg5 34. g3 Rxf3
35. Qxg5+ Ng6 36. Bxf3 Qb6 37. Bh5 Qxb2 38. Bxg6 fxg6 39. Rxe7+ Kf8 40. Rxd7 1-0

[Event "FIDE World Rapid Team"]
[Site "Almaty KAZ"]
[Date "2024.08.03"]
[Round "7.24"]
[White "Mero, Aghiad."]
[Black "Fedorov, Grigory"]
[Result "1-0"]
[WhiteElo "1817"]
[BlackElo "1904"]
[WhiteTeam "GMHans.com"]
[BlackTeam "Teniz Kazakhstan"]
[WhiteFideId "7608420"]
[BlackFideId "4123530"]
[EventDate "2024.08.02"]

1. d4 Nf6 2. c4 g6 3. Nc3 Bg7 4. Bg5 O-O 5. e3 d6 6. Be2 c5 7. d5 b5 8. cxb5 a6
9. Nf3 axb5 10. Bxb5 Qa5 11. O-O h6 12. Bh4 g5 13. Bg3 Ne4 14. Bd3 Nxc3 15. bxc3
Qxc3 16. Rc1 Qf6 17. Qc2 Ba6 18. e4 Nd7 19. Rfe1 Bxd3 20. Qxd3 Rxa2 21. Qb5 Ne5
22. Nxe5 dxe5 23. Rxc5 g4 24. Qc4 Rd2 25. Qc1 Rd4 26. Rc6 e6 27. dxe6 fxe6 28.
Qc5 h5 29. Rc8 Rxc8 30. Qxc8+ Kh7 31. Qe8 Kh6 32. f3 h4 33. Bf2 gxf3 34. Be3+
Kh7 35. Qh5+ Bh6 36. Bxd4 exd4 37. Qxf3 Qg7 38. Kh1 e5 39. Rb1 Qd7 40. Rd1 Bf4
41. Qh5+ Kg7 42. Qxh4 d3 43. Qf2 Qd6 1-0

[Event "FIDE World Rapid Team"]
[Site "Almaty KAZ"]
[Date "2024.08.03"]
[Round "7.25"]
[White "Short, Nigel D"]
[Black "Gurel, Ediz"]
[Result "0-1"]
[WhiteTitle "GM"]
[BlackTitle "GM"]
[WhiteElo "2594"]
[BlackElo "2602"]
[WhiteTeam "FIDE Management Board"]
[BlackTeam "Rookies"]
[WhiteFideId "400025"]
[BlackFideId "44507356"]
[EventDate "2024.08.02"]

1. e4 c5 2. Nc3 e6 3. Nf3 Nc6 4. d4 cxd4 5. Nxd4 Qc7 6. Be2 a6 7. O-O Nf6 8. Kh1
Be7 9. f4 d6 10. Nxc6 bxc6 11. b3 d5 12. e5 Nd7 13. Na4 c5 14. c4 dxc4 15. Bxc4
O-O 16. Qe2 Bb7 17. Be3 Qc6 18. Rac1 Rfd8 19. Rc2 Nb6 20. Nxb6 Qxb6 21. Rd1
Rxd1+ 22. Qxd1 a5 23. Rd2 Bc6 24. a4 g6 25. h3 h5 26. Kh2 Kg7 27. Qe2 h4 28. Qf2
Rc8 29. Rd1 Qb7 30. Rd2 Be4 31. Qe2 Rc7 32. Qd1 Qb4 33. Qe2 Qb7 34. Qd1 Bc6 35.
Qc2 Rc8 36. Qd1 Rb8 37. Qf1 Kg8 38. Qf2 Qb4 39. Qe2 Rc8 40. Rd3 Qb7 41. Qd2 Qa8
42. Qe2 Bd5 43. Bxd5 exd5 44. f5 gxf5 45. Qh5 Rc6 46. Bg5 Bxg5 47. Qxg5+ Rg6 48.
Qxh4 d4 49. Rg3 Qc6 50. Rxg6+ Qxg6 51. Qd8+ Kg7 52. Qxa5 f4 53. Qxc5 Qg3+ 54.
Kh1 d3 55. e6 Qe1+ 56. Kh2 Qg3+ 57. Kh1 f3 58. Qd4+ f6 59. gxf3 Qxh3+ 60. Kg1
Qg3+ 61. Kh1 Qxf3+ 62. Kh2 Qe2+ 63. Kh3 Qxe6+ 64. Kh4 Qe1+ 65. Kh3 Qf1+ 66. Kg3
Qe1+ 67. Kh3 Qe2 68. Qd7+ Kh6 69. Qd8 Kg5 70. Qd5+ f5 71. Qd8+ Kf4 72. Qc7+ Kf3
73. Qc6+ Qe4 0-1

[Event "FIDE World Rapid Team"]
[Site "Almaty KAZ"]
[Date "2024.08.03"]
[Round "7.26"]
[White "Zemlyanskii, Ivan"]
[Black "Bologan, Victor"]
[Result "0-1"]
[WhiteTitle "FM"]
[BlackTitle "GM"]
[WhiteElo "2543"]
[BlackElo "2598"]
[WhiteTeam "Rookies"]
[BlackTeam "FIDE Management Board"]
[WhiteFideId "24249971"]
[BlackFideId "13900048"]
[EventDate "2024.08.02"]

1. e4 d6 2. d4 Nf6 3. Nc3 e5 4. Nf3 Nbd7 5. Rg1 c6 6. g4 h6 7. Be3 Be7 8. h4 Nf8
9. dxe5 Nxg4 10. exd6 Qxd6 11. Bd4 Qf4 12. Bxg7 Bxh4 13. Rxg4 Bxg4 14. Be2 Bxf3
15. Bxh8 Bg2 16. Qd4 Ne6 17. Be5 Nxd4 18. Bxf4 Nxc2+ 19. Kd1 Nxa1 20. Kc1 Bxf2
21. Kb1 Bd4 22. Bxh6 Ke7 23. Kxa1 Rh8 0-1

[Event "FIDE World Rapid Team"]
[Site "Almaty KAZ"]
[Date "2024.08.03"]
[Round "7.27"]
[White "Al-Mudahka, Mohd"]
[Black "Samadov, Read"]
[Result "1/2-1/2"]
[WhiteTitle "GM"]
[BlackTitle "IM"]
[WhiteElo "2542"]
[BlackElo "2509"]
[WhiteTeam "FIDE Management Board"]
[BlackTeam "Rookies"]
[WhiteFideId "12100030"]
[BlackFideId "13417444"]
[EventDate "2024.08.02"]

1. e4 c5 2. Nc3 d6 3. f4 Nc6 4. Nf3 g6 5. Bc4 Bg7 6. O-O e6 7. d3 Nge7 8. Qe1
O-O 9. Kh1 Nd4 10. Nxd4 cxd4 11. Nd1 d5 12. Bb3 dxe4 13. dxe4 b6 14. Nf2 Bb7 15.
Nd3 Qd7 16. Qe2 Qc6 17. Re1 a5 18. a4 Nc8 19. Ne5 Qc7 20. Nf3 Nd6 21. e5 Nf5 22.
Bc4 Rfd8 23. Bd3 Ne7 24. b3 Nd5 25. Bd2 Rac8 26. Qf2 Qc5 27. Rad1 Nc3 28. Ra1
Nd5 29. Rad1 Nc3 30. Ra1 Nd5 31. Rad1 1/2-1/2

[Event "FIDE World Rapid Team"]
[Site "Almaty KAZ"]
[Date "2024.08.03"]
[Round "7.28"]
[White "Shogdzhiev, Roman"]
[Black "Zhu, Chen"]
[Result "1-0"]
[WhiteTitle "CM"]
[BlackTitle "GM"]
[WhiteElo "2124"]
[BlackElo "2423"]
[WhiteTeam "Rookies"]
[BlackTeam "FIDE Management Board"]
[WhiteFideId "55653537"]
[BlackFideId "8600546"]
[EventDate "2024.08.02"]

1. e4 c5 2. Nf3 d6 3. d4 cxd4 4. Nxd4 Nf6 5. Nc3 a6 6. g3 e5 7. Nde2 Nbd7 8. a4
b6 9. Bg2 Bb7 10. h3 h6 11. g4 b5 12. Ng3 b4 13. Nd5 Nxd5 14. exd5 a5 15. O-O g6
16. Be3 Rc8 17. Ne4 Ba6 18. Re1 Be7 19. f4 h5 20. g5 Qc7 21. Rc1 O-O 22. f5 Rfe8
23. fxg6 fxg6 24. h4 Rf8 25. Bh3 Rcd8 26. c4 bxc3 27. Rxc3 Qb7 28. Qc2 Nc5 29.
Nxc5 dxc5 30. Qxg6+ 1-0

[Event "FIDE World Rapid Team"]
[Site "Almaty KAZ"]
[Date "2024.08.03"]
[Round "7.29"]
[White "Reizniece-Ozola, Dana"]
[Black "Bivol, Alina"]
[Result "1-0"]
[WhiteTitle "WGM"]
[BlackTitle "IM"]
[WhiteElo "2255"]
[BlackElo "2345"]
[WhiteTeam "FIDE Management Board"]
[BlackTeam "Rookies"]
[WhiteFideId "11601124"]
[BlackFideId "4100123"]
[EventDate "2024.08.02"]

1. c4 e6 2. Nf3 d5 3. e3 Nf6 4. b3 Bd6 5. Bb2 Nbd7 6. Nc3 a6 7. Qc2 O-O 8. Be2
c6 9. h3 e5 10. g4 e4 11. Nd4 Nb6 12. Nf5 Bxf5 13. gxf5 Qd7 14. O-O-O Qxf5 15.
f3 Qe6 16. c5 Bxc5 17. Nxe4 Nxe4 18. fxe4 Bd6 19. Rdg1 f6 20. Rg4 Rf7 21. Rhg1
Be5 22. d4 Bd6 23. h4 Re8 24. Bf3 f5 25. R4g2 Qh6 26. Qe2 g6 27. e5 Be7 28. Kb1
Rg7 29. Bc1 Bxh4 30. e4 f4 31. Rg4 dxe4 32. Bxe4 Nd5 33. Bxd5+ cxd5 34. Bxf4 Qh5
35. Qh2 Qf5+ 36. Kb2 Be7 37. Bg5 Bxg5 38. Rxg5 Qd3 39. R5g4 h5 40. Rf4 g5 41.
Qxh5 Rc8 42. Qg4 Qd2+ 43. Ka3 Qa5+ 44. Kb2 Rc2+ 45. Kxc2 Qxa2+ 46. Kd1 Qxb3+ 47.
Ke2 Qc2+ 48. Ke1 Qc1+ 49. Ke2 Qxf4 50. Qc8+ Qf8 51. Qe6+ Qf7 52. Qc8+ Kh7 53.
Rh1+ Kg6 54. Qc2+ Qf5 55. Rh6+ Kxh6 56. Qxf5 1-0

[Event "FIDE World Rapid Team"]
[Site "Almaty KAZ"]
[Date "2024.08.03"]
[Round "7.30"]
[White "Berikkyzy Alanna"]
[Black "Musauly, Nurali"]
[Result "0-1"]
[WhiteTitle "WCM"]
[WhiteElo "1869"]
[BlackElo "1816"]
[WhiteTeam "Rookies"]
[BlackTeam "FIDE Management Board"]
[WhiteFideId "13780719"]
[BlackFideId "447000678"]
[EventDate "2024.08.02"]

1. e4 e6 2. d4 d5 3. e5 c5 4. c3 Nc6 5. Nf3 Qb6 6. Bd3 cxd4 7. O-O Bd7 8. Re1
Nh6 9. h3 Rc8 10. Nbd2 Nf5 11. c4 Nb4 12. Bxf5 exf5 13. b3 Be6 14. a3 Nd3 15.
Rf1 dxc4 16. Nxc4 Bxc4 17. bxc4 Nxc1 18. Rxc1 Bc5 19. Rb1 Qa6 20. Qd3 g6 21.
Rfd1 Rd8 22. Qb3 b6 23. Ng5 h6 24. Nf3 O-O 25. a4 Rfe8 26. Qc2 Kg7 27. Rd3 Qb7
28. a5 Qc7 29. axb6 axb6 30. Rbd1 Kh7 31. h4 Kg7 32. h5 g5 33. R3d2 f4 34. Qf5
Qe7 35. Nxd4 Bxd4 36. Rxd4 Rxd4 37. Rxd4 Qxe5 38. Qd3 Qe1+ 39. Kh2 Qxf2 40. Rd6
Qh4+ 41. Qh3 Qxh3+ 42. Kxh3 Re6 43. Rd4 f5 44. Rd7+ Kf6 45. Rd5 Rc6 46. Rb5 Ke6
47. Kh2 g4 48. Kg1 Kf6 49. Kf2 Kg5 50. Kg1 Rxc4 51. Rxb6 Kxh5 52. Kf2 Kg5 53.
Rb8 Rc2+ 54. Kf1 h5 55. Kg1 Kh4 56. Rb3 Re2 57. Kf1 Re3 58. Rb5 Kg3 59. Rxf5 f3 0-1

[Event "FIDE World Rapid Team"]
[Site "Almaty KAZ"]
[Date "2024.08.03"]
[Round "7.31"]
[White "Grachev, Boris"]
[Black "Bilguun, Sumiya"]
[Result "1/2-1/2"]
[WhiteTitle "GM"]
[BlackTitle "GM"]
[WhiteElo "2585"]
[BlackElo "2470"]
[WhiteTeam "GMs Kazahhstan"]
[BlackTeam "Hunnu Air"]
[WhiteFideId "4129199"]
[BlackFideId "4901541"]
[EventDate "2024.08.02"]

1. d4 d5 2. c4 e6 3. Nf3 c6 4. Bg5 Be7 5. Bxe7 Qxe7 6. e3 Nf6 7. Nc3 Nbd7 8. Rc1
O-O 9. Qc2 a6 10. cxd5 exd5 11. Bd3 Re8 12. O-O Nf8 13. Rfe1 g6 14. Ne5 Ng4 15.
f4 Nh6 16. e4 dxe4 17. Nxe4 Bf5 18. Nc5 Ne6 19. Nxe6 Bxe6 20. Bc4 Qd6 21. Rcd1
Rad8 22. Qb3 Bxc4 23. Qxc4 Re6 24. Qb3 b5 25. g3 Nf5 26. d5 cxd5 27. g4 Ne7 28.
Qf3 f6 29. Nd3 Nc6 30. Rxe6 Qxe6 31. Re1 Qd6 32. Qf2 d4 33. Qf3 Nb4 34. Nxb4
Qxb4 35. Qe4 Qd6 36. Kf2 d3 37. Rd1 Kf7 38. Rd2 Re8 39. Rxd3 Rxe4 40. Rxd6 Rxf4+
41. Kg3 Ra4 42. a3 g5 43. Rb6 Kg6 44. h3 Rd4 45. Rxa6 Rd3+ 46. Kg2 Rb3 47. a4
Rxb2+ 48. Kg3 Rb3+ 49. Kg2 b4 50. Rb6 Rb2+ 51. Kg3 b3 52. a5 Rb1 53. a6 h5 54.
a7 h4+ 55. Kg2 Rb2+ 56. Kg1 Ra2 57. Rxb3 Rxa7 58. Rb2 Ra3 59. Kh2 Kf7 60. Rb7+
Ke6 61. Rb6+ Ke5 62. Rb5+ Ke4 63. Rb6 Ra2+ 64. Kg1 Kf3 65. Rb3+ Kf4 66. Rb4+ Ke3
67. Rb3+ Ke2 68. Kg2 Ra4 69. Rb2+ Ke3 70. Rb3+ Ke4 71. Rb2 Rd4 72. Re2+ Kd5 73.
Rf2 Ke5 74. Rf5+ Ke6 75. Rf2 Re4 76. Ra2 Rd4 77. Re2+ Kd5 78. Rf2 Rf4 79. Ra2
Ke6 80. Re2+ Kf7 81. Re3 Kg6 82. Re2 f5 83. Re6+ Kf7 84. gxf5 Rxf5 85. Ra6 Rf6
86. Ra5 Kg6 87. Rb5 Re6 88. Rb2 Re4 89. Ra2 Kf5 90. Rf2+ Ke5 91. Ra2 Re3 92.
Ra5+ Kf4 93. Ra4+ Re4 94. Ra2 Rd4 95. Kf2 Rb4 96. Kg2 Rc4 97. Rf2+ Ke3 98. Rf5
g4 99. hxg4 Rxg4+ 100. Kh3 Rf4 101. Rxf4 Kxf4 102. Kxh4 1/2-1/2

[Event "FIDE World Rapid Team"]
[Site "Almaty KAZ"]
[Date "2024.08.03"]
[Round "7.32"]
[White "Munkhdalai, Amilal"]
[Black "Amangeldy, Ernur"]
[Result "1-0"]
[WhiteTitle "IM"]
[BlackTitle "FM"]
[WhiteElo "2374"]
[BlackElo "2274"]
[WhiteTeam "Hunnu Air"]
[BlackTeam "GMs Kazahhstan"]
[WhiteFideId "4903250"]
[BlackFideId "13720244"]
[EventDate "2024.08.02"]

1. e4 c5 2. Nf3 d6 3. d4 cxd4 4. Nxd4 Nf6 5. Nc3 e5 6. Nb3 Be6 7. Be2 Be7 8. O-O
O-O 9. Bf3 a5 10. a4 Na6 11. Re1 Rc8 12. Nb5 h6 13. c3 b6 14. Be3 Rb8 15. Nd2
Nc7 16. Qe2 Nxb5 17. axb5 Qc7 18. c4 Nd7 19. Bg4 Nc5 20. Ra3 Qc8 21. Bxe6 fxe6
22. Qg4 Rf6 23. h4 Qc7 24. Nf1 Kh7 25. h5 Rbf8 26. Ng3 R8f7 27. Rb1 Qc8 28. b4
axb4 29. Rxb4 Kh8 30. Rb2 Rf4 31. Bxf4 exf4 32. Ne2 Bg5 33. Rba2 Qg8 34. Nd4 Rf8
35. Ra7 Kh7 36. Rc7 Rf7 37. Rc6 Rd7 38. Rxb6 Qe8 39. Rc6 Bf6 40. Ne2 Nxe4 41.
Nxf4 Ng5 42. Ng6 d5 43. f4 Ne4 44. Qxe6 Bd4+ 45. Kh2 Qd8 46. Qxd7 Qf6 47. Qe8 1-0

[Event "FIDE World Rapid Team"]
[Site "Almaty KAZ"]
[Date "2024.08.03"]
[Round "7.33"]
[White "Akhilbay, Imangali"]
[Black "Agibileg, Uurtsaikh"]
[Result "0-1"]
[WhiteTitle "FM"]
[BlackTitle "IM"]
[WhiteElo "2279"]
[BlackElo "2411"]
[WhiteTeam "GMs Kazahhstan"]
[BlackTeam "Hunnu Air"]
[WhiteFideId "13734857"]
[BlackFideId "4901606"]
[EventDate "2024.08.02"]

1. e4 c5 2. Nf3 e6 3. c3 Nf6 4. e5 Nd5 5. g3 d6 6. exd6 Bxd6 7. Bg2 O-O 8. O-O
Nd7 9. d4 cxd4 10. Nxd4 Nc5 11. b4 Na6 12. a3 Be5 13. Bb2 Nb6 14. Nd2 Bxd4 15.
cxd4 Nc7 16. a4 a5 17. b5 Ncd5 18. Qb3 Qg5 19. Nf3 Qf6 20. Ne5 Rd8 21. Rad1 Bd7
22. f4 Be8 23. Ba3 Rac8 24. Rd3 Rc7 25. Bb2 g6 26. Rdf3 Qf5 27. R3f2 Qf6 28. g4
Qh4 29. Rf3 Qh6 30. f5 exf5 31. gxf5 Qd2 32. fxg6 hxg6 33. R3f2 Qe3 34. Qd1 Rdc8
35. Ng4 Qg5 36. h4 Qxh4 37. Nf6+ Nxf6 38. Rxf6 Rc2 39. R1f2 Rxb2 40. R6f4 Qg5
41. Rxb2 Qxf4 42. Rb1 Nc4 43. Bxb7 Rd8 44. Bg2 Qe3+ 0-1

[Event "FIDE World Rapid Team"]
[Site "Almaty KAZ"]
[Date "2024.08.03"]
[Round "7.34"]
[White "Chinguun, Sumiya"]
[Black "Petukhov, Alan"]
[Result "1/2-1/2"]
[WhiteTitle "FM"]
[WhiteElo "2389"]
[BlackElo "2224"]
[WhiteTeam "Hunnu Air"]
[BlackTeam "GMs Kazahhstan"]
[WhiteFideId "4902572"]
[BlackFideId "13731190"]
[EventDate "2024.08.02"]

1. e4 c5 2. Nc3 Nc6 3. Bb5 Nd4 4. Nf3 g6 5. Nxd4 cxd4 6. Ne2 Bg7 7. O-O a6 8.
Ba4 Qa5 9. Bb3 d6 10. d3 Bd7 11. f4 Nf6 12. h3 Qc5 13. Qe1 Nxe4 14. dxe4 d3+ 15.
Kh1 dxe2 16. Qxe2 O-O 17. Re1 Bc6 18. c3 Qa5 19. Qd3 Kh8 20. Be3 Rad8 21. Bf2
Rd7 22. Bd5 e6 23. Bxc6 bxc6 24. e5 Rb8 25. b4 Qa3 26. Bc5 d5 27. Qc2 a5 28. Re3
axb4 29. cxb4 Qa6 30. a4 Bf8 31. Bxf8 Rxf8 32. Rc3 Qb7 33. Rb1 d4 34. Rxc6 d3
35. Qc5 Kg7 36. Rd6 Rc7 37. Qg1 Rc3 38. Qe3 Rc2 39. Rg1 Qxb4 40. f5 exf5 41.
Qxd3 Rc3 42. Qd2 Rfc8 43. e6 Qe4 44. Re1 Rc2 45. Rxe4 Rxd2 46. Rxd2 fxe4 47. Rd7
Kf6 1/2-1/2

[Event "FIDE World Rapid Team"]
[Site "Almaty KAZ"]
[Date "2024.08.03"]
[Round "7.35"]
[White "Kaliakhmet, Elnaz"]
[Black "Mungunzul, Bat-Erdene"]
[Result "1/2-1/2"]
[WhiteTitle "WFM"]
[BlackTitle "WCM"]
[WhiteElo "2137"]
[BlackElo "2224"]
[WhiteTeam "GMs Kazahhstan"]
[BlackTeam "Hunnu Air"]
[WhiteFideId "13730169"]
[BlackFideId "4902831"]
[EventDate "2024.08.02"]

1. d4 d5 2. c4 c6 3. Nf3 Nf6 4. Nc3 a6 5. c5 Bf5 6. Bf4 g6 7. e3 Bg7 8. Bd3 Bxd3
9. Qxd3 Nbd7 10. O-O Nh5 11. Bg5 h6 12. Bh4 g5 13. Bg3 Nxg3 14. hxg3 O-O 15. b4
e5 16. dxe5 Nxe5 17. Nxe5 Bxe5 18. Rad1 Qf6 19. Ne2 Rae8 20. Nd4 h5 21. a4 h4
22. gxh4 gxh4 23. Qf5 Qg6 24. Qh3 Bf6 25. b5 axb5 26. axb5 Re4 27. bxc6 Bxd4 28.
Rxd4 bxc6 29. Rxe4 Qxe4 30. Rd1 Rb8 31. Rd4 Qe5 32. Rf4 Rb1+ 33. Kh2 Rb4 34.
Qg4+ Kf8 35. Qxh4 Rxf4 36. exf4 Qd4 37. Qh6+ Kg8 38. Qg5+ Kf8 39. Qh6+ Kg8 40.
Qg5+ Kf8 41. Qd8+ Kg7 42. Qg5+ Kf8 43. f5 Qxc5 44. Qd8+ Kg7 45. Qg5+ Kf8 46. f6
Qd6+ 47. g3 Qe6 48. Qf4 Ke8 49. g4 Kd7 50. Kg2 Qd6 51. Qf5+ Qe6 52. Qf4 Qd6 53.
Qf5+ Qe6 54. Qf4 Qd6 1/2-1/2

[Event "FIDE World Rapid Team"]
[Site "Almaty KAZ"]
[Date "2024.08.03"]
[Round "7.37"]
[White "Kazakov, Konstantin"]
[Black "Utegaliyev, Azamat"]
[Result "1/2-1/2"]
[WhiteTitle "IM"]
[WhiteElo "2333"]
[BlackElo "2418"]
[WhiteTeam "Storm of Dragons"]
[BlackTeam "Greco"]
[WhiteFideId "13700898"]
[BlackFideId "13702467"]
[EventDate "2024.08.02"]

1. d4 d5 2. Bf4 Nf6 3. e3 Bf5 4. c4 e6 5. Nc3 dxc4 6. Bxc4 Bd6 7. Bg3 Nbd7 8.
Nf3 O-O 9. Rc1 a6 10. O-O Bxg3 11. hxg3 c5 12. Be2 Rc8 13. Nh4 cxd4 14. Qxd4 Qb6
15. Nxf5 exf5 16. Qxb6 Nxb6 17. Bf3 Rc7 18. Ne2 Rfc8 19. Rxc7 Rxc7 20. Rd1 Nbd7
21. Rc1 Rxc1+ 22. Nxc1 b6 23. Nb3 Kf8 24. Kf1 Ke7 25. Be2 a5 26. Bb5 g6 27. Ke2
Kd6 28. Nd4 Ne5 29. Nf3 Ne4 30. Nxe5 Kxe5 31. Bc6 h5 32. Be8 Ke6 33. Ba4 Nc5 34.
Bb5 Ne4 35. Bc4+ Ke7 36. Bd5 Nf6 37. Bb7 Ne4 38. Bd5 Nf6 39. Bc4 Ne4 40. a3 Nd6
41. Bd5 Ne4 42. Ba2 Ke8 43. Bc4 Ke7 44. Bd3 Ke6 45. Bc4+ Ke7 46. Bd5 Nf6 47. Bc6
Kd6 48. Ba4 Ne4 49. Bb3 Ke7 50. Bc2 Ke6 51. Bb3+ Ke5 1/2-1/2